000 00271nam a22001217a 4500
008 170427b xxu||||| |||| 00| 0 eng d
041 _aeng
080 _a54
100 _a12
101 _ashm
245 _aELEMENTS QUANTITIVE ANALYSIS
_cWILLARD.H.H
942 _2udc
_cBK
999 _c12259
_d12259